[Event "Bad Lauterberg Bohemia"]
[Site "Bad Lauterberg"]
[Date "1991.11.08"]
[Round "4"]
[White "King, Daniel J"]
[Black "Hertneck, Gerald"]
[Result "1-0"]
[WhiteElo "2505"]
[BlackElo "2555"]
[Annotator "Hansen,Cu"]
[PlyCount "41"]
[EventDate "1991.11.05"]
[EventType "tourn"]
[EventRounds "11"]
[EventCountry "GER"]
[EventCategory "10"]
[SourceTitle "CBM 027"]
[Source "ChessBase"]
[SourceDate "1992.04.01"]
[SourceVersion "1"]
[SourceVersionDate "1992.04.01"]
[SourceQuality "1"]

1. g3 d5 2. Bg2 Nf6 3. Nf3 Bg4 4. c4 c6 5. Ne5 Bf5 (5... Bh5 6. cxd5 cxd5 7.
Nc3 e6 8. Qa4+ Nbd7 9. g4 Bg6 10. h4 Bc2 (10... b5 11. Nxb5 Nxe5 12. Nc7+ Ke7
13. Nxa8 Qxa8 14. h5 Be4 15. f3 $16 {Negri,S-Giaccio,A Argentina 1990}) 11.
Nxf7 Bxa4 12. Nxd8 Kxd8 (12... Rxd8 13. Nxa4 Nxg4 14. Bh3 Ndf6 15. Rg1 Ne5 16.
Bxe6 Ng6 17. d4 Nxh4 18. Bg5 Ng6 19. Rc1 $16 {Pedersen,E-Kroll,O Denmark 1990})
13. Nxa4 Nxg4 14. Bh3 Ndf6 15. d4 Rc8 16. Nc5 Bxc5 17. dxc5 $16 {/\Rg1+f3
Romanischin-Suba 1986}) (5... Be6 6. cxd5 Bxd5 7. Nf3 g6 (7... e5 8. Nc3 e4 9.
Nh4 Qd7 10. d3 Bb4 11. O-O Bxc3 12. bxc3 exd3 13. exd3 O-O 14. Re1 $14 {
Kirov-Ivkov 1984}) (7... c5 8. O-O e6 9. Nc3 Bc6 10. d4 Nbd7 $13 {
Sehner-Dresen 1986}) 8. O-O Bg7 9. d3 O-O 10. Nc3 Re8 (10... Na6 11. e4 Be6 12.
d4 $14 {Pedersen,E-Kroll,O Denmark 1990}) 11. e4 Be6 12. Ng5 Bc8 13. Qb3 e6 14.
Rd1 h6 15. Nf3 e5 16. d4 $14 {Nogueiras-Antunes 1991}) 6. d4 (6. cxd5 cxd5 7.
Nc3 e6 (7... Nc6 8. Nxc6 bxc6 9. O-O e6 10. d3 Be7 11. Qa4 Qd7 12. b3 O-O 13.
e4 $14 {Kochiev-Trabert Budapest 1989}) 8. g4 Bg6 9. h4 Bd6 10. d4 (10. Qa4+
Kf8 11. d4 h6 12. Nxg6+ fxg6 13. e4 dxe4 14. Nxe4 Nc6 $13 {Petrosian,A-Bany
1988}) 10... O-O 11. h5 $16 {Hodgson,J-Plaskett,J London 1989}) 6... e6 7. Nc3
Nbd7 8. Nxd7 Qxd7 {/\dxc4} 9. Qb3 O-O-O $6 (9... Be7 $10 {/\ 0-0}) 10. Qa4 dxc4
(10... Kb8 11. c5 (11. Bf4+ Bd6 12. c5 (12. Bxd6+ Qxd6 13. c5 Qc7 {/\e6-e5<=>})
12... Bxf4 13. gxf4 {/\b2-b4-b5 ->}) 11... e5 12. dxe5 Ng4 13. Bf4 Qe6 14. Qd4
Re8) 11. Qxa7 Qc7 (11... Qxd4 {Horn,Pe} 12. Qa8+ Kc7 (12... Kd7 13. Qxb7+ Ke8
14. Bxc6+ Nd7 15. Be3 $18) 13. Bf4+ Kb6 (13... Bd6 14. Nb5+ Kb6 (14... cxb5 15.
Qxb7#) 15. Qa7+ Kxb5 16. a4+ Kb4 17. Qxd4 $18) (13... Qxf4 14. Qa5+ b6 15. Qa7+
$18) 14. Na4+ Kb5 15. Qxb7+ Kxa4 16. b3+ Ka3 (16... Ka5 17. Bc7+) 17. Bc1+) 12.
e4 $16 e5 (12... Bg6 13. Bf4 Bd6 14. Bxd6 Qxd6 15. e5 Qb4 16. exf6 Qxb2 17. O-O
Qxc3 18. Rab1 $1 $16) 13. dxe5 (13. exf5 {Horn,Pe} exd4) 13... Nxe4 (13... Qxe5
14. Bf4) 14. Bxe4 Bxe4 15. Nxe4 Bb4+ 16. Nc3 $18 Qxe5+ 17. Qe3 Bxc3+ 18. bxc3
Rd1+ 19. Kxd1 Qd5+ 20. Ke2 Qxh1 21. Qe5 {/\ Bf4} 1-0

[Event "FRA-ch 89th"]
[Site "Nimes"]
[Date "2014.08.17"]
[Round "1"]
[White "Fressinet, Laurent"]
[Black "Maze, Sebastien"]
[Result "1-0"]
[WhiteElo "2708"]
[BlackElo "2565"]
[Annotator "Havasi,G"]
[PlyCount "85"]
[EventDate "2014.08.17"]
[EventType "tourn"]
[EventRounds "11"]
[EventCountry "FRA"]
[EventCategory "14"]
[SourceTitle "CBM 162"]
[Source "ChessBase"]
[SourceDate "2014.09.17"]
[SourceVersion "1"]
[SourceVersionDate "2014.09.17"]
[SourceQuality "1"]

1. Nf3 Nf6 2. g3 g6 3. b3 Bg7 4. Bb2 O-O 5. Bg2 d5 6. c4 c6 7. d3 Bg4 8. Nbd2
Nbd7 9. O-O a5 (9... Re8 {is the most popular move.} 10. h3 Bxf3 11. Nxf3 e5
12. cxd5 cxd5 13. Rc1 Qb6 14. e3 $14 {Pantsulaia-Sevdimaliev, Nakhchivan 2014})
10. a3 Re8 11. Ne5 $146 {A very interesting novelty by Fressinet. It's a very
typical motif in this system to exchange the f3 N for the d7 N.} (11. h3 Bxf3
12. Nxf3 e5 13. cxd5 cxd5 14. Rc1 Qb6 {was about equal in the game
Valdes-Libiszewski, San Sebastian 2012.}) 11... Nxe5 12. Bxe5 Qd7 13. Nf3 a4 (
13... Qf5 $5 {is the engine's suggestion. It is hurrying with attacking the B,
because if it wants to challenge White's stability in the centre.} 14. Re1 (14.
Bb2 Nd7 $13) 14... Rad8 $13 (14... Bxf3 15. exf3 {is the point of Re1})) (13...
Bh3 $5 {is also interesting, but the engine doesn't like it.}) 14. Rb1 Bh3 {
The engine doesn't like this move, but it seems to be very logical.} (14...
axb3 15. Qxb3 dxc4 16. dxc4 Bf5 (16... Qe6 17. Rfe1 $1) 17. Rbd1 Qc8 $11) 15.
cxd5 (15. Bxh3 $1 Qxh3 16. bxa4 {is the eternal question, to take the 
(positionally) poisoned P or not. If Black has enough time to conduct an
attack against the white pawns, he is better, but if White has more pressure
on the b7 P, White has better chances. If Black defends passively with} Qd7 (
16... dxc4 17. dxc4 Qg4 18. Rxb7 Qxc4 19. Rb4 $16) 17. Qc2 $16 {it is better
for White, because he will continue with Rb3 increasing the pressure on the b7
P.}) 15... Bxg2 16. Kxg2 Nxd5 17. Bxg7 Kxg7 18. Qc1 $1 axb3 19. Rxb3 Ra7 {
A very typical motif to defend the b7 P, at the same time attacking the
a3-pawn, but it isn't exact.} (19... b5 {followed by Ra6 seems to be better.}
20. e4 Nb6 21. Qc5 Na4 22. Qd4+ Qxd4 23. Nxd4 Rac8 24. Rc1 e5 $11) 20. Qb2+ (
20. e4 $1 {Occupying the centre and disrupting Black's forces. After Qb2, this
isn't possible, because of Nf4.} Nf6 21. Qb2 Qc7 22. Rb1 Rb8 23. Ne5 (23. a4 $5
Rxa4 24. Rxb7 Rxb7 25. Qxb7 Ra7 26. Qb2 $14) 23... Kg8 24. Qd4 $1 Rba8 25. a4
Ne8 26. Nc4 $36) 20... f6 21. Rc1 (21. e4 Nf4+ $1) 21... Rea8 (21... b5 $5) 22.
h3 {At the first sight this is a waiting move, which is more or less useful.
The hidden point of this move is covering the g4-square in order to be able to
play e4.} b5 23. e4 Nc7 24. d4 (24. Qd4 Qxd4 25. Nxd4 Rxa3 26. Rxa3 Rxa3 $11)
24... Ra4 (24... Ne6 $1 {would have been the best setup.} 25. d5 (25. Rbc3 Ra6)
25... cxd5 26. Rd3 Nc7 27. exd5 Nxd5 (27... e5 $5) 28. Rcd1 e6 29. Nd4 Rd8 $11)
25. Rd3 R8a6 26. Rcc3 Qd6 27. Qc1 Ne8 28. e5 Qd7 29. exf6+ Nxf6 (29... exf6 $1
{would have been a logical, but simple move, as the e5-square must be taken
under control. Black seems to have more or less equalised.}) 30. Rc5 $1 $16 Qd6
31. Rdc3 b4 32. axb4 Ra1 33. Rxc6 Qxb4 $6 (33... Rxc6 $1 34. Qxa1 Rxc3 35. Qxc3
Nd5 36. Qc5 Nxb4 {is also better for White, but the win is still very hard to
achieve in this position.}) 34. Rxa6 (34. Qe3 $18) 34... Rxa6 35. Re3 Qd6 36.
Qc5 (36. Re5 $16) 36... Qxc5 37. dxc5 Kf8 38. Ne5 Ke8 39. Rb3 Nd7 40. c6 Nxe5
41. Rb8+ Kf7 42. c7 Rc6 43. c8=Q 1-0

[Event "EU-ch 4th"]
[Site "Istanbul"]
[Date "2003.06.11"]
[Round "11"]
[White "Moor, Roger"]
[Black "Brynell, Stellan"]
[Result "1-0"]
[WhiteElo "2405"]
[BlackElo "2538"]
[Annotator "Hecht,H"]
[PlyCount "99"]
[EventDate "2003.05.30"]
[EventType "swiss"]
[EventRounds "13"]
[EventCountry "TUR"]
[SourceTitle "CBM 096"]
[Source "ChessBase"]
[SourceDate "2003.09.25"]
[SourceVersion "1"]
[SourceVersionDate "2003.09.25"]
[SourceQuality "1"]

1. c4 Nf6 2. g3 c6 3. Bg2 d5 4. Nf3 dxc4 5. O-O Nbd7 6. a4 Nc5 7. Na3 Nb3 8.
Ra2 Be6 9. Qc2 Nd4 10. Nxd4 Qxd4 11. Rd1 Ng4 12. e3 Qd3 13. b4 Bd5 14. e4 Be6
15. h3 Nf6 16. Re1 g6 17. Bf1 Qd7 18. Nxc4 Bg7 19. Kh2 O-O 20. Bb2 b5 21. Ne5
Qd6 22. Ra3 Rfc8 23. Nd3 Nd7 24. Bxg7 Kxg7 25. Qc3+ Kg8 26. Nc5 a5 27. Nxe6
fxe6 28. axb5 cxb5 29. Rxa5 Rxc3 30. Rxa8+ Kf7 31. dxc3 Qd2 32. Re2 Qxc3 33.
Re3 Qxb4 34. e5 Qc5 35. Ra5 Qc1 36. Kg1 b4 37. Rb5 Qa1 38. Rxb4 Nxe5 39. Rf4+
Kg7 {Schwarzer König im Fegefeuer.} 40. Rfe4 Nf7 41. Rxe6 Ng5 42. Rxe7+ Kf6 43.
h4 Nf3+ 44. Kg2 Nd4 45. Bc4 g5 46. Rf7+ Kg6 47. Rd7 gxh4 48. Rd6+ Kg5 (48...
Kg7 $144 49. Ra6 h3+ 50. Kh2 Qb2 51. Re7+ Kf8 52. Rf7+ Ke8 53. Ra8+ $18) 49.
Re5+ Nf5 (49... Kg4 50. Rxd4+ Qxd4 51. f3#) 50. f4+ 1-0

[Event "Olympiad-34"]
[Site "Istanbul"]
[Date "2000.11.01"]
[Round "5.3"]
[White "Bogdanovski, Vlatko"]
[Black "Kacheishvili, Giorgi"]
[Result "1-0"]
[WhiteElo "2435"]
[BlackElo "2564"]
[Annotator "Hecht,H"]
[PlyCount "117"]
[EventDate "2000.10.28"]
[EventType "team-swiss"]
[EventRounds "14"]
[EventCountry "TUR"]
[SourceTitle "EXT 2001"]
[Source "ChessBase"]
[SourceDate "2000.11.22"]
[SourceVersion "1"]
[SourceVersionDate "2000.11.22"]
[SourceQuality "1"]
[WhiteTeam "Macedonia"]
[BlackTeam "Georgia"]
[WhiteTeamCountry "MKD"]
[BlackTeamCountry "GEO"]

1. Nf3 d5 2. g3 Bg4 3. Bg2 c6 4. O-O Nd7 5. d3 Ngf6 6. c4 dxc4 7. dxc4 e5 8.
Nc3 Be7 9. Qc2 O-O 10. b3 Qc7 11. h3 Bh5 12. Nh4 Rfe8 13. Bb2 a5 14. g4 Bg6 15.
Nxg6 hxg6 16. Rad1 Nc5 17. Rd2 Red8 18. Rxd8+ Rxd8 19. Rd1 Re8 20. e3 Bf8 21.
g5 Nfd7 22. h4 Nb6 23. Ne4 Nxe4 24. Qxe4 Nd7 25. Qg4 Re6 26. Qe2 Nc5 27. Bc3 b6
28. Rd2 Re8 29. Qg4 Re6 30. Qd1 Re8 31. a3 e4 32. Rd4 Qe5 33. Rxe4 Qb8 34. Rxe8
Qxe8 35. Bd4 b5 36. a4 bxa4 37. bxa4 Qe6 38. Bxc5 Bxc5 39. Qd8+ Bf8 40. Qxa5
Qxc4 {[#] Ein weißer Mehrbauer, Raumvorteil, stärkerer Freibauer und aktiver
Läufer geben Weiß mehr als nur klaren Vorteil. Die Entscheidung indes führt
der weiße König höchstpersönlich herbei.} 41. Qa8 c5 42. Qe4 Qc1+ 43. Bf1 Qd1
44. Kg2 Qd7 45. Bc4 {[%csl Rf7,Rg6][%cal Ra4a5,Ra5a6]} Be7 46. a5 (46. Qxg6 $2
Qg4+ $19) 46... Bd8 47. a6 Bb6 48. h5 $1 Kf8 (48... gxh5 49. g6 Qg4+ 50. Qxg4
hxg4 51. gxf7+ Kf8 52. Kg3 $18) 49. hxg6 fxg6 50. Bd5 Qd8 51. Qf4+ Ke7 52. Qe5+
$5 (52. Qf7+ $1 Kd6 53. Qe6+ Kc7 54. Qc6+ Kb8 55. Qb7#) 52... Kf8 53. Bc4 Qd7
54. Kf3 $1 {[%cal Rf3c6]} Qd1+ 55. Ke4 Qh1+ 56. f3 Qb1+ 57. Kd5 Qd1+ 58. Kc6
Qxf3+ 59. Bd5 $1 {Vermeidet den Pattscherz} (59. Kxb6 $2 Qc6+ 60. Ka7 (60. Ka5
Qb6+) 60... Qb7+) 1-0

[Event "Hamburg HSK"]
[Site "Hamburg"]
[Date "1996.??.??"]
[Round "8"]
[White "Chekhov, Valery A"]
[Black "Rogozenco, Dorian"]
[Result "1/2-1/2"]
[WhiteElo "2535"]
[BlackElo "2525"]
[Annotator "Hecht,H"]
[PlyCount "96"]
[EventDate "1996.10.03"]
[EventType "tourn"]
[EventRounds "9"]
[EventCountry "GER"]
[EventCategory "9"]
[SourceTitle "CBM 056"]
[Source "ChessBase"]
[SourceDate "1997.02.01"]
[SourceVersion "1"]
[SourceVersionDate "1997.02.01"]
[SourceQuality "1"]

1. Nf3 d5 2. g3 Nf6 3. Bg2 g6 4. c4 c6 5. b3 Bg7 6. Bb2 O-O 7. O-O Re8 8. Qc2
Bf5 9. d3 Qc8 10. Nbd2 Bh3 11. e4 Bxg2 12. Kxg2 dxe4 13. dxe4 Nfd7 14. Bxg7
Kxg7 15. Qc3+ Kg8 16. h4 h5 17. e5 Nf8 18. Ng5 Qf5 19. Rae1 Nbd7 20. Re3 Ne6
21. Nxe6 Qxe6 22. Nf3 c5 23. Kh2 Nf8 24. Ng5 Qc6 25. f4 f6 26. Ne4 f5 27. Ng5
Rad8 28. Rd3 Rd7 29. Rfd1 Red8 30. Rxd7 Rxd7 31. Rd3 Ne6 32. Rxd7 Qxd7 33. Nxe6
Qxe6 34. Qa5 Qb6 35. Qxb6 axb6 {[%csl Rb5][%cal Re5e6,Ge7e6,Rh2b2,Rb2a3,Ra3a4,
Ra4b5,Gg8e8,Ge8c6,Gb6b5] [#]_|_ keine schwarze Festung wegen Einbruchsdrohung
via b5 und Zugzwang; Reservetempo mit dem e-P beiderseits, kritische Stellung
nach Zug 44} 36. Kg2 Kf7 37. Kf3 Ke6 38. Ke3 Kd7 39. Kd3 Kc6 (39... Kc7 40. Kc3
Kb8 41. Kb2 Ka7 42. Ka3 Ka6 43. Ka4 e6 44. b4 $1 (44. a3 $4 b5+ 45. cxb5+ Kb6
46. b4 c4 47. g4 hxg4 48. h5 g3 49. hxg6 g2 50. g7 g1=Q 51. g8=Q Qd1# {
Satyrspiel!}) 44... Ka7 45. bxc5 bxc5 46. Kb5 b6 47. a4 Kb7 48. a5) 40. Kc3 Kc7
41. b4 Kc6 42. Kb3 b5 $1 (42... Kc7 $2 43. Ka4 Kc6 (43... e6 44. bxc5 bxc5 45.
Kb5 b6 46. a4 Kb7 47. a5 bxa5 48. Kxa5 $18) (43... cxb4 44. Kxb4 Kc6 45. e6 $1
Kd6 46. Kb5 Kxe6 47. Kxb6 Kd6 48. c5+ Kd5 49. a4 e5 50. fxe5 g5 51. e6 Kxe6 52.
Kxb7 $18) 44. e6 $1 (44. a3 e6 $11) 44... Kc7 45. bxc5 bxc5 46. Kb5 b6 47. a4
$18) 43. cxb5+ Kxb5 44. a4+ Kc6 45. Kc4 (45. b5+ Kb6 $2 (45... Kd5 $2 46. a5
c4+ 47. Kc3 Kc5 48. a6 bxa6 49. bxa6 Kb6 50. Kxc4 e6 51. a7 Kxa7 52. Kc5 $18) (
45... Kc7 $1 46. Kc4 (46. a5 b6 47. Kc4 (47. a6 e6 $11)) 46... b6 47. Kd5 Kd7
48. a5 e6+ 49. Kc4 Kc7 50. a6 $11) 46. Kc4 e6 (46... Ka5 47. Kxc5 Kxa4 48. Kb6
e6 49. Kxb7 Kxb5 50. Kc7 Kc5 51. Kd7 Kd5 52. Ke7 Ke4 53. Kxe6 Kf3 54. Kf6 Kxg3
55. Kg5 $18) 47. a5+ Kxa5 48. Kxc5 Ka4 49. Kd6 Kxb5 50. Kxe6 Kc5 51. Kf7 b5 52.
e6 $18) 45... cxb4 46. Kxb4 b6 47. Kc4 Kc7 (47... e6 48. Kb4 Kc7 49. a5 Kb7 50.
Kb5 bxa5 51. Kxa5 Ka7 $11) 48. Kb5 Kb7 1/2-1/2

[Event "RUS-ch"]
[Site "Krasnodar"]
[Date "2002.09.01"]
[Round "6"]
[White "Loginov, Valery A"]
[Black "Malinin, Yuri"]
[Result "1-0"]
[WhiteElo "2526"]
[BlackElo "2412"]
[Annotator "Hecht,H"]
[PlyCount "161"]
[EventDate "2002.08.27"]
[EventType "swiss"]
[EventRounds "9"]
[EventCountry "RUS"]
[SourceTitle "CBM 091"]
[Source "ChessBase"]
[SourceDate "2002.11.12"]
[SourceVersion "1"]
[SourceVersionDate "2002.11.12"]
[SourceQuality "1"]

1. Nf3 d5 2. g3 c6 3. Bg2 Bg4 4. c4 e6 5. O-O Nd7 6. cxd5 exd5 7. d3 Bd6 8. Nc3
Ne7 9. Qc2 O-O 10. e4 Ne5 11. Nxe5 Bxe5 12. h3 Be6 13. Ne2 f6 14. Be3 b6 15. f4
Bd6 16. Nd4 Bf7 17. Nxc6 Nxc6 18. Qxc6 Rc8 19. Qa4 dxe4 20. dxe4 Qe7 21. Rac1
Bc5 22. Bxc5 Rxc5 23. Rxc5 Qxc5+ 24. Kh2 b5 25. Qa5 h5 26. h4 Qd4 27. Qxb5 Rc8
28. Qe2 Bc4 29. Qf2 Qxf2 30. Rxf2 Bxa2 31. Rd2 Rb8 32. Bf3 Bf7 33. Kg2 a5 34.
Kf2 Rb4 35. f5 Kf8 36. Ke3 Ke7 37. Bd1 a4 38. Rd4 Rxb2 39. Rxa4 g6 40. Ra7+ Kf8
41. Ra5 Rb4 42. fxg6 Bxg6 43. Bxh5 Bxe4 44. Ra7 Bd5 45. Bd1 Re4+ 46. Kd3 Re1
47. Kd2 Re7 48. Ra5 Bf7 49. Bc2 Kg7 50. Ra4 Kh6 51. Rf4 Kg7 52. Be4 Re5 53. Bd3
Be6 54. Ra4 Bf7 55. Ra7 Kf8 56. Rb7 Re7 57. Rb4 Kg7 58. Rg4+ Kh6 59. Rf4 Kg7
60. Be4 Re5 61. Bc2 Re7 62. Rb4 Bh5 63. Bd3 Bf7 64. Rb5 Be8 65. Ra5 Kh6 66. Be2
Kg7 67. Ke1 Bf7 68. Kf2 Bg6 69. Ra4 Kh6 70. Bf3 Bf7 71. Rb4 Bg6 72. g4 Kg7 73.
Kg3 Bf7 74. Kf4 Be8 75. Be4 Bf7 76. Rb6 {Nach sehr langer Lavierphase ist bei
Weiß etwas voran gegangen - und er hat eine Idee, die Schwarz nicht erkennt.
Ermüdungserscheinung?} Be8 77. h5 Bf7 $2 {Der Fehler!} (77... Ra7 78. h6+ Kxh6
79. g5+ Kg7 80. gxf6+ Kf8 81. Rb8 Ra6 82. Ke5 Ra5+ 83. Bd5 Ra1 84. f7 (84. Bc6
Re1+ 85. Kd6 (85. Be4 Kf7 {führt nicht weiter}) 85... Kf7 86. Bxe8+ Kxf6 $11)
84... Re1+ 85. Kd6 (85. Kf6 Rf1+ 86. Kg6 Rf6+ $11) 85... Re7 86. fxe8=Q+ Rxe8
87. Rb7 Rd8+ $11) 78. h6+ Kxh6 79. g5+ {Auweh! Jetzt ist die Rückkehr wegen
der Bauernforke nicht mehr möglich.} Kh5 80. Rxf6 {[%cal Rf6h6]} Kh4 81. Bf3 (
81. Bf3 Bh5 82. Bxh5 $18) (81. Rh6+ Bh5 82. Bg6 $18) 1-0

[Event "RUS-Cup03 Geller Memorial"]
[Site "Moscow"]
[Date "1999.02.08"]
[Round "7"]
[White "Chuprov, Dmitry"]
[Black "Shcherbakov, Ruslan"]
[Result "0-1"]
[WhiteElo "2400"]
[BlackElo "2559"]
[Annotator "Hecht,H"]
[PlyCount "88"]
[EventDate "1999.02.10"]
[EventType "swiss"]
[EventRounds "9"]
[EventCountry "RUS"]
[SourceTitle "CBM 070"]
[Source "ChessBase"]
[SourceDate "1999.06.08"]
[SourceVersion "1"]
[SourceVersionDate "1999.06.08"]
[SourceQuality "1"]

1. g3 d5 2. Bg2 c6 3. c4 Nf6 4. cxd5 cxd5 5. Nf3 Nc6 6. O-O e6 7. d3 Bc5 8. a3
a5 9. Nc3 O-O 10. Bf4 Bd7 11. Rc1 Qe7 12. Nb5 Ne8 13. d4 Bd6 14. Nxd6 Nxd6 15.
Ne5 Nf5 16. Nxc6 Bxc6 17. Qd2 h6 18. h4 a4 19. Rc5 Rac8 20. Rfc1 Rcd8 21. Bh3
Rd7 22. Qd3 Qf6 23. Be3 Nd6 24. Bg2 Qe7 25. Bd2 Ra8 26. Bb4 Qd8 27. e3 Nc4 28.
Qe2 Rc7 29. R1xc4 dxc4 30. Ba5 Rxa5 31. Rxa5 Rc8 32. Rc5 Bxg2 33. Kxg2 Rxc5 34.
dxc5 Qd5+ 35. Qf3 Kf8 36. Qxd5 exd5 {[#]} 37. Kf3 Ke7 38. Kf4 Kf6 (38... Kd7
39. Ke5 Kc6 40. Kd4 h5 41. e4 (41. f3 f5 42. e4 fxe4 43. fxe4 dxe4 44. Kxc4 e3
45. Kd3 Kxc5 46. Kxe3 Kc4 47. Kd2 (47. Kf4 Kb3 48. Kg5 Kxb2 49. Kxh5 Kxa3 $19)
47... Kd4 48. Ke2 Ke4 49. Kf2 b6 50. Ke2 b5 51. Kf2 Kd3 52. Kf3 Kc2 53. g4 Kxb2
54. gxh5 Kxa3 $19) 41... dxe4 42. Kxc4 f5 (42... f6 43. Kd4 g5 44. Kxe4 Kxc5
45. Kf5 Kc4 46. Kxf6 gxh4 47. gxh4 Kb3 48. Kg5 Kxb2 49. f4 Kxa3 50. f5 Kb3 51.
f6 a3 52. f7 a2 53. f8=Q a1=Q 54. Qf7+ $11) 43. Kd4 g6 44. Ke5 Kxc5 45. Kf6 Kc4
46. Kxg6 Kb3 47. Kxh5 Kxb2 (47... b5 48. Kg5 b4 49. h5 bxa3 50. bxa3 Kxa3 51.
h6 $18) 48. Kg5 b5 49. h5 b4 50. axb4 a3 51. h6 $18) 39. h5 g5+ 40. hxg6 fxg6
41. g4 g5+ 42. Kg3 Ke5 43. f4+ gxf4+ 44. exf4+ Ke4 (44... Ke4 45. f5 Ke5 46.
Kf3 d4 47. Ke2 Kd5 {Der Bc5 kann abgeholt werden, weil der König das Quadrat
des f-Bauern nicht verläßt. Danach kehrt er zurück und sprengt mit h5 das
weiße Bauernpaar.}) 0-1